000 00504nam a2200169 i 4500
001 90193
003 ES-MaACL
005 20230906180356.0
007 t|
008 050119s1978 sp ||||1| spa d
100 1 _aLedda, Gavino.
_971132
245 1 0 _aPadre padrone
_b: la educación de un pastor /
_cGavino Ledda ; traducción de Silvia Furió.
260 _aBarcelona :
_bCrítica,
_c[1978]
300 _a242 p. ;
_c20 cm.
700 1 _aFurió, Silvia.
_953039
852 _aES-MaACL
_jA-8905
_bR.97535
999 _c90193
_d90193